000
00185 a2200097 4500
020
_a
9788498200126
041
_a
spa
100
_a
Anonimo
245
_a
Gran Atlas Universal
942
_c
BK
999
_c
10647
_d
10647